FMM DIRECTORY OF MALAYSIAN INDUSTRIES 52nd Edition : Globally competitive companies & World-class product & services :

Bibliographic Details
Format: Book
Language:English
Published: Klang, Selangor: Infopages Media Sdn Bhd, 2021.
Subjects:
LEADER 00938cam a2200241 7i4500
001 0000036874
005 20220426090000.0
007 ta
008 220426t2021 eng
022 0 |a 01269801 
040 |a MATR 
090 0 0 |a M 338.7025   |b FED 
245 0 0 |a FMM DIRECTORY OF MALAYSIAN INDUSTRIES 52nd Edition :   |b Globally competitive companies & World-class product & services :   |b Globally competitive companies & World-class product & services :   |b FMM 50 Years (1968-2018). 
264 1 |a Klang, Selangor:   |b Infopages Media Sdn Bhd,   |c 2021. 
300 |a Various pagings:   |b illustrations;   |c 28 cm. 
336 |a text  |2 rdacontent 
337 |a unmediated  |2 rdamedia 
338 |a volume  |2 rdacarrier 
650 0 |a Business --   |z Malaysia  
650 0 |a ManufacturersMalaysia  
650 0 |a Service companies --   |z Malaysia  
650 0 |a Trade associations --   |z Malaysia  
999 |a 0000041790  |b Book  |c Book  |e Business Information Centre